المنطق: (Record no. 13938)
[ view plain ]
| 000 -الفاتح | |
|---|---|
| حقل البيانات ثابتة الطول | 00716nam a22001577a 4500 |
| 008 - عناصر البيانات ثابتة الطول - معلومات عامة | |
| حقل البيانات ثابتة الطول | 100426t1960 xxu||||| |||| 00| 0 ARA d |
| 082 ## - رقم تصنيف ديوى العشرى | |
| رقم الطبعة | 21 |
| رقم التصنيف | 160 |
| رقم المادة | د ى و |
| 100 ## - المدخل الرئيسى - إسم شخصى | |
| 9 (RLIN) | 13681 |
| الإسم الشخصى | ديوى, جون |
| 245 ## - بيان العنوان | |
| العنوان | المنطق: |
| بقية العنوان | نظرية البحث / |
| بيان المسئوليه,etc | تأليف جون ديوى ؛ ترجمة وتصدير وتعليق زكى نجيب محمود |
| 260 ## - PUBLICATION, DISTRIBUTION, ETC. (IMPRINT) | |
| مكان الناشر او الموزع | القاهرة: |
| اسم الناشر او الموزع | دار المعارف, |
| تاريخ النشر أو التوزيع | 1960. |
| 300 ## - الوصف المادى | |
| التعداد | 852 ص؛ |
| أبعاد الوعاء | 21 سم. |
| 440 ## - | |
| -- | 13616 |
| -- | مكتبة الدراسات الفلسفية |
| 500 ## - تبصرة عامة | |
| تبصرة عامة | " نشر هذا الكتاب بالإشتراك مع مؤسسة فرانكلين للطباعة والنشر القاهرة - نيويورك" |
| 650 ## - المدخل الاضافى بالموضوع-مصطلح موضوعى | |
| 9 (RLIN) | 13686 |
| مصطلح موضوعي أو اسم جغرافي كعنصر مدخل | المنطق |
| 942 ## - عناصر المدخل الإضافي( كوها) | |
| مصدر التصنيف او مخطط الترفيف | Dewey Decimal Classification |
| Koha [default] item type | Book - Borrowing |
| حالة التراجع | حالة الفقد | مصدر التصنيف او خطة الترفيف | حالة تلف | ليس للاعارة | مجموعات كوها | المكان الدائم | المكان الحالي | موقع الترفيف | تاريخ الاكتساب | Source of acquisition | رقم الاستدعاء | الباركود | Date last seen | نوع الوعاء |
|---|---|---|---|---|---|---|---|---|---|---|---|---|---|---|
| Dewey Decimal Classification | Alef-Baa | Central Library | Central Library | Lower Floor | 26/04/2010 | 160 د ي و | 000020445 | 15/07/2025 | Book - Borrowing |